000 00992nam a2200277 4500
001 56
003 OSt
005 20250528074010.0
008 250122b |||||||e |||| 00| 1 eng d
040 _bpor
041 _heng
_apor
082 _a813
_bB627t
100 1 _aBlack, Jonathan,
_d1955-
_9150
240 _aRide the golden tiger
245 _aO tigre de ouro /
_cBlack, Jonathan ; Tradução de Aurea Weissenberg
260 _aRio de Janeiro
_bRecord
_c1976
300 _a263 p.
520 _aIdade de ouro símbolo de poder, riqueza, prestígio. O derradeiro afrodisíaco. Agora, os suprimentos do mundo são controlados por algumas firmas muito poderosas chefiadas por um punhado de homens extremamente ricos. E mesmo eles podem ficar ainda mais gananciosos.
650 0 _aLiteratura Americana
_984
650 0 _aCorrupção
_9151
650 0 _aPolitica
_9138
655 0 _aRomance
_923
655 0 _aFicção
_922
700 _aAurea Weissenberg
_eTradutor
_9153
942 _2ddc
_n0
_cBK
999 _c56
_d56